Modern Inventory Management and Control Manual (Record no. 6298)

MARC details
005 - DATE AND TIME OF LATEST TRANSACTION
control field 20250629123305.0
082 ## - DEWEY DECIMAL CLASSIFICATION NUMBER
Classification number 658.78 TES
100 ## - MAIN ENTRY--PERSONAL NAME
Author name TESHA, P . C
245 ## - TITLE STATEMENT
Title Modern Inventory Management and Control Manual
260 ## - PUBLICATION, DISTRIBUTION, ETC.
Place of publication, distribution, etc. x,191p.: ill.; figures
Date of publication, distribution, etc. 21cm
942 ## - ADDED ENTRY ELEMENTS (KOHA)
Source of classification or shelving scheme Dewey Decimal Classification
Koha item type Books
Holdings
Date last seen Total checkouts Full call number Barcode Cost, replacement price Price effective from Koha item type Lost status Source of classification or shelving scheme Damaged status Not for loan Withdrawn status Home library Current library Shelving location Date acquired Source of acquisition Cost, normal purchase price
06/29/2025   658.78 TES MZA0002773 30000.00 06/29/2025 Books   Dewey Decimal Classification       CBE Mwanza CBE Mwanza Special Reserve Collection 06/13/2018 Library Budget 10000.00
06/29/2025   658.78 TES MZA0002774 30000.00 06/29/2025 Books   Dewey Decimal Classification       CBE Mwanza CBE Mwanza Special Reserve Collection 06/13/2018 Library Budget 10000.00
06/29/2025   658.78 TES MZA0002775 30000.00 06/29/2025 Books   Dewey Decimal Classification       CBE Mwanza CBE Mwanza Special Reserve Collection 06/13/2018 Library Budget 10000.00
06/29/2025   658.78 TES MZA0002776 30000.00 06/29/2025 Books   Dewey Decimal Classification       CBE Mwanza CBE Mwanza Special Reserve Collection 06/13/2018 Library Budget 10000.00